| Tag |
First Indicator |
Second Indicator |
Subfields |
| LEADER |
00000cam a2200000 a 4500 |
| 001 |
in00002000456 |
| 005 |
20151031130935.0 |
| 008 |
041105s2004 pk af b 001 0 eng c |
| 020 |
|
|
|a 9695033377 (v. 1)
|
| 020 |
|
|
|z 9695033386 (v. 2)
|
| 035 |
|
|
|a (OCoLC)ocm57490299
|
| 040 |
|
|
|a TXA
|c TXA
|d UtOrBLW
|
| 042 |
|
|
|a pcc
|
| 043 |
|
|
|a aw-----
|a ff-----
|a e-sp---
|
| 049 |
|
|
|a TXAM
|
| 050 |
|
4 |
|a N6260
|b .A92 2004
|
| 100 |
1 |
|
|a Aziz, Khursheed Kamal.
|
| 245 |
1 |
4 |
|a The meaning of Islamic art :
|b explorations in religious symbolism and social relevance /
|c K.K. Aziz.
|
| 264 |
|
1 |
|a Lahore, Pakistan :
|b Al-Faisal,
|c 2004.
|
| 300 |
|
|
|a 2 volumes (xliii, 1208 pages, 68 unnumbered pages of plates) :
|b illustrations (chiefly color) ;
|c 25 cm.
|
| 336 |
|
|
|a text
|b txt
|2 rdacontent
|
| 337 |
|
|
|a unmediated
|b n
|2 rdamedia
|
| 338 |
|
|
|a volume
|b nc
|2 rdacarrier
|
| 504 |
|
|
|a Includes bibliographical references (pages [1059]-1126 and passim) and index.
|
| 536 |
|
|
|a Shirley W. Bryan and Richard R. Bryan '56 Endowment ; Humanities for Engineers.
|
| 650 |
|
0 |
|a Islamic art.
|
| 650 |
|
0 |
|a Islam and art.
|
| 650 |
|
0 |
|a Islamic civilization.
|
| 948 |
|
|
|a cataloged
|b h
|c 2005/1/26
|d c
|e ceaton
|f 8:17:41 am
|
| 994 |
|
|
|a E0
|b TXA
|
| 999 |
|
|
|a MARS
|
| 999 |
f |
f |
|s 2947d08c-26ec-3a17-ac55-0c76377b9bb1
|i be17be5e-4d7a-3950-90ab-eb2dc70e152f
|t 0
|
| 952 |
f |
f |
|p normal
|a Texas A&M University
|b College Station
|c Sterling C. Evans Library
|d Evans: Library Stacks
|t 0
|e N6260 .A92 2004
|h Library of Congress classification
|i unmediated -- volume
|k v.1
|m A14831762323
|
| 952 |
f |
f |
|p normal
|a Texas A&M University
|b College Station
|c Sterling C. Evans Library
|d Evans: Library Stacks
|t 0
|e N6260 .A92 2004
|h Library of Congress classification
|i unmediated -- volume
|k v.2
|m A14831762284
|
| 998 |
f |
f |
|a N6260 .A92 2004
|s v.1-2
|t 0
|l Evans: Library Stacks
|